Central Library OPAC University of Rajshahi

Society : (Record no. 32960)

MARC details
000 -LEADER
fixed length control field 00748nam a2200241 a 4500
001 - CONTROL NUMBER
control field 32960
003 - CONTROL NUMBER IDENTIFIER
rucl marc code BD-RjUL
005 - DATE AND TIME OF LATEST TRANSACTION
control field 20211209051925.0
008 - FIXED-LENGTH DATA ELEMENTS--GENERAL INFORMATION
fixed length control field 140429s1964 enka 001 0 eng d
035 ## - SYSTEM CONTROL NUMBER
System control number (BD-RjUL)33050
040 ## - CATALOGING SOURCE
Original cataloging agency GHW
Transcribing agency GHW
Language of cataloging eng
Modifying agency BD-RjUL
041 ## - LANGUAGE CODE
Language code of text/sound track or separate title eng
082 00 - DEWEY DECIMAL CLASSIFICATION NUMBER
Classification number 301
Author mark and year MAS 1964
100 1# - MAIN ENTRY--PERSONAL NAME
Personal name MacIver, Robert M.
Fuller form of name (Robert Morrison),
Dates associated with a name 1882-1970.
9 (RLIN) 58296
245 10 - TITLE STATEMENT
Title Society :
Remainder of title an introductory analysis /
Statement of responsibility, etc. by R.M. MacIver and Charles H. Page
260 ## - PUBLICATION, DISTRIBUTION, ETC. (IMPRINT)
Place of publication, distribution, etc. London :
Name of publisher, distributor, etc. Macmillan,
Date of publication, distribution, etc. 1964
300 ## - PHYSICAL DESCRIPTION
Pagination xvii, 697 p. :
Illustrations ill ;
Size 23 cm
500 ## - GENERAL NOTE
General note Includes indexes
504 ## - BIBLIOGRAPHY, ETC. NOTE
Bibliography, etc "Notes on further reading": p. 636-673
650 #0 - SUBJECT ADDED ENTRY--TOPICAL TERM
Topical term or geographic name as entry element Sociology
9 (RLIN) 100182
700 1# - ADDED ENTRY--PERSONAL NAME
Personal name Page, Charles Hunt,
Dates associated with a name 1909-
942 ## - ADDED ENTRY ELEMENTS (KOHA)
Source of classification or shelving scheme Dewey Decimal Classification
Koha item type Books
Holdings
Lost status Source of classification or shelving scheme Damaged status Not for loan Collection code Permanent Location Current Location Shelving location Date acquired Source of acquisition Cost, normal purchase price Total Checkouts Full call number Date last seen Date checked out Copy number Koha item type
  Dewey Decimal Classification     Non-fiction Central Library, University of Rajshahi Central Library, University of Rajshahi   25/09/1965 Zeitlinger 42.00 2 301 MAS 1964 11/02/2024 29/01/2024 C-2 Books
  Dewey Decimal Classification     Non-fiction Central Library, University of Rajshahi Central Library, University of Rajshahi   07/06/1969 Zeitlinger 90.00 3 301 MAS 1937 19/01/2025 05/01/2025 C-3 Books
  Dewey Decimal Classification     Non-fiction Central Library, University of Rajshahi Central Library, University of Rajshahi   01/02/1973 Britain Gift     301 MAS 1971 29/04/2014   C-5 Books
  Dewey Decimal Classification     Non-fiction Central Library, University of Rajshahi Central Library, University of Rajshahi   07/06/1969 Zeitlinger 90.00   301 MAS 1949 29/04/2014   C-10 Books
  Dewey Decimal Classification     Non-fiction Central Library, University of Rajshahi Central Library, University of Rajshahi   30/04/2014       301 MAS 1964 30/04/2014   C-7 Books
  Dewey Decimal Classification     Non-fiction Central Library, University of Rajshahi Central Library, University of Rajshahi   07/06/1969 Zetlinger 90.00   301 MAS 1937 30/04/2014   C-9 Books
  Dewey Decimal Classification     Non-fiction Central Library, University of Rajshahi Central Library, University of Rajshahi   27/12/1966 Rallick Books 15.75   301 MAS 1962 30/04/2014   C-8 Books
  Dewey Decimal Classification   Not For Loan Non-fiction Central Library, University of Rajshahi Central Library, University of Rajshahi Reading Room 07/10/1965 Zetlinger 62.00   301 MAS 1964 30/04/2014   C-1 Books
  Dewey Decimal Classification     Non-fiction Central Library, University of Rajshahi Central Library, University of Rajshahi   12/06/1968 Euro Pak. 18.75   301 MAS 1967 30/04/2014   C-4 Books
  Dewey Decimal Classification     Non-fiction Central Library, University of Rajshahi Central Library, University of Rajshahi   12/06/1968 Euro Pak. 18.75   301 MAS 1953 15/05/2014   C-3 Books
  Dewey Decimal Classification     Non-fiction Central Library, University of Rajshahi Central Library, University of Rajshahi   01/07/1957 publisher united 20.00   301 MAS 1955 20/05/2014   C-6 Books